ՀՀ Գիտությունների ազգային ակադեմիայի հիմնարար գիտական գրադարան  =   Fundamental Scientific Library of NAS RA

Ընտիր պատմուածքներ / (Record no. 84508)

MARC details
000 -LEADER
fixed length control field 00879nam a2200217 a 4500
001 - CONTROL NUMBER
control field 000238751
003 - CONTROL NUMBER IDENTIFIER
control field AM-YeHGA
005 - DATE AND TIME OF LATEST TRANSACTION
control field 20250618071614.0
008 - FIXED-LENGTH DATA ELEMENTS--GENERAL INFORMATION
fixed length control field 030624s1897 gs |||||r|||||||||1|arm|d
040 ## - CATALOGING SOURCE
Original cataloging agency AM-YeHGA
041 1# - LANGUAGE CODE
Language code of text/sound track or separate title arm
Language code of original fre
090 ## - LOCALLY ASSIGNED LC-TYPE CALL NUMBER (OCLC); LOCAL CALL NUMBER (RLIN)
-- 85785
100 1# - MAIN ENTRY--PERSONAL NAME
Personal name Դօդէ, Ալֆօնս,
Dates associated with a name 1840-1897
245 10 - TITLE STATEMENT
Title Ընտիր պատմուածքներ /
Statement of responsibility, etc. Ալֆօնս Դօդէ ; Թարգմ. ֆրանս.՝ Վ. Փափազեանց ; Թիֆլիսի Հայոց Հրատ. Ընկ.
260 ## - PUBLICATION, DISTRIBUTION, ETC.
Place of publication, distribution, etc. Թիֆլիս :
Name of publisher, distributor, etc. տպ. Մ. Շարաձէի,
Date of publication, distribution, etc. 1897.
300 ## - PHYSICAL DESCRIPTION
Extent 215 էջ ;
Dimensions 19 սմ.
650 14 - SUBJECT ADDED ENTRY--TOPICAL TERM
Topical term or geographic name entry element Ֆրանսիական գրականություն
General subdivision Պատմվածք
700 1# - ADDED ENTRY--PERSONAL NAME
Personal name Փափազյան, Վրթանես Մեսրոպի,
Dates associated with a name 1866-1920
Relator term թարգմ.
Relationship trl
9 (RLIN) 1606
710 2# - ADDED ENTRY--CORPORATE NAME
Corporate name or jurisdiction name as entry element Թիֆլիսի հայոց հրատարակչական ընկերություն
942 ## - ADDED ENTRY ELEMENTS (KOHA)
Source of classification or shelving scheme Universal Decimal Classification
Koha item type Գրքեր / Books
Holdings
Withdrawn status Lost status Damaged status Not for loan Collection Home library Current library Date acquired Total checkouts Full call number Barcode Date last seen Cost, replacement price Price effective from Koha item type Public note Source of classification or shelving scheme
        General Fundamental Scientific Library Fundamental Scientific Library 22/12/2016   AII/25098 220025098 22/12/2016 65.00 22/12/2016 Գրքեր / Books 30 Days Loan  
        Jahukyan Individual Collection Fundamental Scientific Library Fundamental Scientific Library 22/12/2016   Djauk/2919 906002919 22/12/2016   22/12/2016 Գրքեր / Books ILL Non-Circ. Universal Decimal Classification


ՀՀ ԳԱԱ հիմնարար գիտական գրադարան
ՀՀ,Երևան 0019
Մարշալ Բաղրամյան 24/6
հեռախոս:(374-10) 52-47-50
Հետադարձ կապ

All site content, except where otherwise noted, is licensed under a
Creative Commons License